[Event "Gibraltar Masters 16th"]
[Site "Caleta"]
[Date "2018.01.28"]
[Round "6"]
[White "Esserman, Marc"]
[Black "Huschenbeth, Niclas"]
[Result "1/2-1/2"]
[WhiteElo "2446"]
[BlackElo "2587"]
[PlyCount "166"]
[EventDate "2018.01.23"]
[EventType "swiss"]
[EventRounds "10"]
[EventCountry "GGB"]
[SourceTitle "CBM 183"]
[Source "ChessBase"]
[SourceDate "2018.03.14"]
[SourceVersion "1"]
[SourceVersionDate "2018.03.14"]
[SourceQuality "1"]

1. e4 c5 2. Nf3 d6 3. d4 cxd4 4. Nxd4 Nf6 5. Nc3 a6 6. Be2 e5 7. Nf3 Be7 8. Bg5 Nbd7 9. a4 h6 10. Be3 Ng4 11. Bc1 Ngf6 12. Be3 0-0 13. Nd2 Qc7 14. a5 b5 15. axb6 Nxb6 16. Bxb6 Qxb6 17. Nc4 Qb7 18. Nd5 Nxd5 19. exd5 f5 20. 0-0 Bd7 21. Ra3 Qc7 22. Na5 e4 23. Nc6 Bf6 24. Bc4 Kh8 25. Qd2 f4 26. Re1 Rae8 27. Rxa6 Bc8 28. Ra7 Qb6 29. Qxf4 Bg5 30. Qg3 e3 31. fxe3 Rxe3 32. Rxe3 Qxe3+ 33. Qxe3 Bxe3+ 34. Kh1 Bxa7 35. Nxa7 Bd7 36. Nc6 Rc8 37. Na5 Rb8 38. b3 g5 39. Kg1 Kg7 40. Nc6 Rb6 41. Nd4 Kf6 42. Kf2 Ke5 43. Ke3 g4 44. c3 Be8 45. Nc2 Bb5 46. Nb4 Bxc4 47. bxc4 Rb7 48. Nc6+ Kf5 49. Nd4+ Kf6 50. Kf4 Rb2 51. Nb5 Rxg2 52. Nxd6 h5 53. c5 Rf2+ 54. Ke3 Rf3+ 55. Ke4 Rxc3 56. c6 Ke7 57. Nb7 Ke8 58. Kd4 Rc1 59. Nc5 Kd8 60. d6 Rd1+ 61. Ke5 h4 62. d7 g3 63. hxg3 h3 64. Ne6+ Ke7 65. Nc5 Rc1 66. Nb7 Rd1 67. Nc5 h2 68. c7 h1Q 69. c8Q Qd5+ 70. Kf4 Rf1+ 71. Ke3 Re1+ 72. Kf4 Rf1+ 73. Ke3 Qf3+ 74. Kd4 Rd1+ 75. Kc4 Qd5+ 76. Kb4 Qd4+ 77. Ka5 Ra1+ 78. Kb6 Qd6+ 79. Kb5 Rb1+ 80. Kc4 Rc1+ 81. Kb5 Rb1+ 82. Kc4 Rc1+ 83. Kb5 Rb1+ 1/2-1/2

[Event "Douglas IoM op"]
[Site "Douglas"]
[Date "2017.09.30"]
[Round "8"]
[White "Esserman, Marc"]
[Black "Ragnarsson, Dagur"]
[Result "0-1"]
[WhiteElo "2453"]
[BlackElo "2340"]
[PlyCount "68"]
[EventDate "2017.09.23"]
[EventType "swiss"]
[EventRounds "9"]
[EventCountry "IOM"]
[SourceTitle "CBM 181"]
[Source "ChessBase"]
[SourceDate "2017.11.10"]
[SourceVersion "1"]
[SourceVersionDate "2017.11.10"]
[SourceQuality "1"]

1. d4 Nf6 2. c4 g6 3. Nc3 d5 4. cxd5 Nxd5 5. Bd2 Bg7 6. e4 Nb6 7. Be3 0-0 8. Qd2 e5 9. d5 c6 10. d6 Be6 11. 0-0-0 f5 12. Bg5 Bf6 13. Nf3 f4 14. h4 N8d7 15. Bh6 Re8 16. g3 Nc4 17. Bxc4 Bxc4 18. gxf4 Qa5 19. fxe5 Bh8 20. Kb1 b5 21. b3 b4 22. Na4 Nxe5 23. Qc2 Bf7 24. Nd4 Rad8 25. f4 Rxd6 26. fxe5 Qxe5 27. Be3 Red8 28. Qf2 Qxe4+ 29. Qc2 Qxe3 30. Nxc6 Rxd1+ 31. Rxd1 Rxd1+ 32. Qxd1 Qe4+ 33. Qc2 Bd5 34. Nxb4 Qxb4 0-1

[Event "Douglas IoM op"]
[Site "Douglas"]
[Date "2017.09.28"]
[Round "6"]
[White "Esserman, Marc"]
[Black "L'Ami, Alina"]
[Result "1/2-1/2"]
[WhiteElo "2453"]
[BlackElo "2286"]
[PlyCount "74"]
[EventDate "2017.09.23"]
[EventType "swiss"]
[EventRounds "9"]
[EventCountry "IOM"]
[SourceTitle "CBM 181"]
[Source "ChessBase"]
[SourceDate "2017.11.10"]
[SourceVersion "1"]
[SourceVersionDate "2017.11.10"]
[SourceQuality "1"]

1. e4 c5 2. c4 Nc6 3. Ne2 g6 4. d4 cxd4 5. Nxd4 Bg7 6. Be3 Nf6 7. Nc3 Ng4 8. Qxg4 Nxd4 9. Qd1 Nc6 10. Rc1 d6 11. Be2 0-0 12. 0-0 b6 13. Qd2 Bb7 14. b3 Qd7 15. f4 Rad8 16. Rfd1 Qc8 17. Bf3 Qa8 18. Qf2 Kh8 19. Nd5 f5 20. Qh4 Rd7 21. Nc3 Nd8 22. exf5 gxf5 23. Bxb7 Qxb7 24. Qh3 e5 25. Nd5 Ne6 26. Rf1 e4 27. Kh1 b5 28. g4 bxc4 29. bxc4 Nc7 30. Rb1 Qa6 31. g5 Nxd5 32. cxd5 Rdf7 33. Rg1 Qxa2 34. Rbd1 Qe2 35. Rdf1 Qd3 36. Rd1 Qe2 37. Rdf1 Qd3 1/2-1/2

[Event "Cambridge m"]
[Site "Cambridge"]
[Date "2017.09.14"]
[Round "6"]
[White "Gorovets, Andrey"]
[Black "Esserman, Marc"]
[Result "0-1"]
[WhiteElo "2522"]
[BlackElo "2453"]
[PlyCount "76"]
[EventDate "2017.09.09"]
[EventType "match"]
[EventRounds "6"]
[EventCountry "USA"]
[SourceTitle "EXT 2019"]
[Source "ChessBase"]
[SourceDate "2018.10.10"]
[SourceVersion "1"]
[SourceVersionDate "2018.10.10"]
[SourceQuality "1"]

1. d4 Nf6 2. Bf4 c5 3. d5 b5 4. a4 b4 5. Nf3 d6 6. e3 Nh5 7. Bb5+ Bd7 8. Nbd2 g6 9. Nc4 Bg7 10. Bxd7+ Nxd7 11. a5 0-0 12. 0-0 Ndf6 13. Qd3 Qd7 14. Bg5 h6 15. Bxf6 Nxf6 16. e4 e6 17. dxe6 Qxe6 18. Rfe1 Rad8 19. Rad1 Rd7 20. Nfd2 Rfd8 21. Nb3 Bf8 22. h3 Re8 23. Re3 Rdd8 24. Qe2 h5 25. Qf1 Nxe4 26. f3 d5 27. Rde1 Qf5 28. fxe4 Qxf1+ 29. Kxf1 dxc4 30. Nc1 Bg7 31. c3 Bh6 32. R3e2 Re5 33. b3 cxb3 34. Nxb3 bxc3 35. Rc2 c4 36. Nc1 Bd2 37. Rd1 Rb8 38. Ne2 Rb2 0-1

[Event "Cambridge m"]
[Site "Cambridge"]
[Date "2017.09.10"]
[Round "2"]
[White "Gorovets, Andrey"]
[Black "Esserman, Marc"]
[Result "1-0"]
[WhiteElo "2522"]
[BlackElo "2453"]
[PlyCount "40"]
[EventDate "2017.09.09"]
[EventType "match"]
[EventRounds "6"]
[EventCountry "USA"]
[SourceTitle "EXT 2019"]
[Source "ChessBase"]
[SourceDate "2018.10.10"]
[SourceVersion "1"]
[SourceVersionDate "2018.10.10"]
[SourceQuality "1"]

1. d4 Nf6 2. Bf4 c5 3. d5 b5 4. a4 Bb7 5. c4 bxc4 6. Nc3 d6 7. e4 Ba6 8. Nf3 Nbd7 9. Nd2 Qa5 10. Nxc4 Bxc4 11. Bxc4 Nxe4 12. 0-0 Nxc3 13. bxc3 g6 14. Qe2 Bg7 15. Bxd6 0-0 16. Bxe7 Rfe8 17. d6 Bxc3 18. Rab1 a6 19. Rb7 Qxa4 20. Bb3 Qc6 1-0

[Event "Reykjavik op"]
[Site "Reykjavik"]
[Date "2017.04.23"]
[Round "6"]
[White "Esserman, Marc"]
[Black "Van Foreest, Jorden"]
[Result "1/2-1/2"]
[WhiteElo "2458"]
[BlackElo "2584"]
[PlyCount "195"]
[EventDate "2017.04.19"]
[EventType "swiss"]
[EventRounds "10"]
[EventCountry "ISL"]
[SourceTitle "CBM 178 Extra"]
[Source "ChessBase"]
[SourceDate "2017.06.22"]
[SourceVersion "1"]
[SourceVersionDate "2017.06.22"]
[SourceQuality "1"]

1. e4 c6 2. d4 d5 3. e5 c5 4. dxc5 e6 5. a3 Bxc5 6. b4 Bb6 7. Bb2 Ne7 8. Nf3 a5 9. b5 a4 10. Bd3 Nd7 11. 0-0 Nc5 12. Nc3 Bd7 13. Rb1 Rc8 14. Ba1 Ng6 15. Ne2 0-0 16. g3 f6 17. Bxg6 hxg6 18. exf6 gxf6 19. Nf4 Be8 20. Re1 Bf7 21. Ng5 Ne4 22. Nxe4 dxe4 23. Qg4 e3 24. fxe3 g5 25. Rbd1 Qe7 26. h4 Rc5 27. c4 Rf5 28. Nd5 Rxd5 29. cxd5 exd5 30. hxg5 Bxe3+ 31. Kg2 Be6 32. Qb4 Qxb4 33. axb4 d4 34. Bxd4 Bd5+ 35. Kh2 Bxg5 36. Be3 Bb3 37. Rc1 a3 38. Rc3 Bxe3 39. Rxb3 Bd2 40. Ra1 Re8 41. Raxa3 Re5 42. Rd3 Bxb4 43. Ra8+ Kf7 44. Rd7+ Kg6 45. Rxb7 Bd6 46. Rd8 Re2+ 47. Kh3 Be5 48. Rd3 Rb2 49. Kg4 Rb4+ 50. Kf3 Kf5 51. b6 Bd4 52. Re7 Bxb6 53. Rd5+ Kg6 54. Rb7 Bc5 55. Rxb4 Bxb4 56. Ke4 Be1 57. g4 Bc3 58. Rd8 Bb2 59. Rg8+ Kf7 60. Rb8 Be5 61. Rh8 Kg6 62. Rh5 Bb2 63. Ra5 Bc3 64. Ra8 Bb2 65. Ra2 Be5 66. Rg2 Kg5 67. Rg1 Bf4 68. Rf1 Be5 69. Kf3 f5 70. gxf5 Kxf5 71. Rb1 Bd6 72. Rb5+ Be5 73. Ra5 Ke6 74. Ke4 Bg3 75. Ra6+ Kd7 76. Kd5 Kc7 77. Rg6 Bf2 78. Rg7+ Kb6 79. Rg6+ Kb7 80. Rf6 Bg3 81. Kc5 Bh2 82. Rf7+ Ka8 83. Kc6 Bb8 84. Rf1 Ba7 85. Kc7 Bb8+ 86. Kc8 Ba7 87. Rb1 Be3 88. Rb3 Ba7 89. Kc7 Bf2 90. Rf3 Bd4 91. Rf5 Be3 92. Rf8+ Ka7 93. Rf3 Bb6+ 94. Kc6 Bd4 95. Rf7+ Ka8 96. Rd7 Be5 97. Kb6 Bb8 98. Rd8 1/2-1/2

[Event "Budapest Spring op"]
[Site "Budapest"]
[Date "2017.03.20"]
[Round "3"]
[White "Onischuk, Vladimir"]
[Black "Esserman, Marc"]
[Result "1-0"]
[WhiteElo "2601"]
[BlackElo "2467"]
[PlyCount "107"]
[EventDate "2017.03.18"]
[EventType "swiss"]
[EventRounds "9"]
[EventCountry "HUN"]
[SourceTitle "CBM 177 Extra"]
[Source "ChessBase"]
[SourceDate "2017.04.27"]
[SourceVersion "1"]
[SourceVersionDate "2017.04.27"]
[SourceQuality "1"]

1. e4 c5 2. Nf3 d6 3. d4 cxd4 4. Nxd4 Nf6 5. Nc3 a6 6. a4 e5 7. Nf3 Qc7 8. Bg5 Nbd7 9. Nd2 h6 10. Bh4 g5 11. Bg3 Nc5 12. h4 g4 13. h5 Be6 14. Bh4 Ncd7 15. g3 Rc8 16. Bg2 Qb6 17. Rb1 Qb4 18. Nd5 Bxd5 19. c3 Bb3 20. cxb4 Bxd1 21. Rxd1 Rc2 22. Ke2 Rxb2 23. Rb1 Rxb1 24. Rxb1 Be7 25. Rc1 Bd8 26. Nc4 0-0 27. Nxd6 Nxh5 28. Bxd8 Rxd8 29. Nxb7 Rb8 30. Nc5 Nxc5 31. bxc5 Ng7 32. c6 Ne6 33. Bf1 Kf8 34. Kd2 Nc7 35. Be2 Rb2+ 36. Kd3 h5 37. Rh1 Rb3+ 38. Kc2 Rb6 39. Rxh5 Rxc6+ 40. Kd2 f6 41. Bxg4 Rc4 42. Rh8+ Ke7 43. Rh7+ Kf8 44. Bh5 a5 45. Rf7+ Kg8 46. Rd7 Rc6 47. Ke2 Na6 48. Bf7+ Kf8 49. Bd5 Rb6 50. Ra7 Ke8 51. Kf3 Kd8 52. Kg4 Nb4 53. Rxa5 Nd3 54. f3 1-0

[Event "Budapest Spring op"]
[Site "Budapest"]
[Date "2017.03.19"]
[Round "2"]
[White "Esserman, Marc"]
[Black "Belous, Mikhail"]
[Result "1-0"]
[WhiteElo "2467"]
[BlackElo "2366"]
[PlyCount "89"]
[EventDate "2017.03.18"]
[EventType "swiss"]
[EventRounds "9"]
[EventCountry "HUN"]
[SourceTitle "CBM 177 Extra"]
[Source "ChessBase"]
[SourceDate "2017.04.27"]
[SourceVersion "1"]
[SourceVersionDate "2017.04.27"]
[SourceQuality "1"]

1. d4 Nf6 2. Nf3 g6 3. e3 Bg7 4. Be2 0-0 5. 0-0 d6 6. b3 e5 7. dxe5 Ng4 8. Bb2 Nc6 9. c4 Ngxe5 10. Qd2 Nxf3+ 11. Bxf3 Bxb2 12. Qxb2 Ne5 13. Be2 Qe7 14. Nc3 c6 15. Rad1 f5 16. Rfe1 a6 17. f4 Nf7 18. Bf3 Qf6 19. Qd2 Be6 20. e4 Rfe8 21. exf5 gxf5 22. Ne2 Bd7 23. Ng3 Rxe1+ 24. Rxe1 Re8 25. Nh5 Rxe1+ 26. Qxe1 Qd4+ 27. Kh1 Kf8 28. h3 h6 29. Kh2 b5 30. cxb5 axb5 31. a4 bxa4 32. bxa4 d5 33. a5 Bc8 34. Qb1 Ke7 35. Qb8 Kd7 36. Be2 Nd6 37. a6 Qa1 38. a7 Bb7 39. Bd3 Ke6 40. Bxf5+ Kxf5 41. Qxd6 Ke4 42. Qb4+ Ke3 43. Qb3+ Kf2 44. Qf3+ Ke1 45. Qe3+ 1-0

[Event "Gibraltar Masters 15th"]
[Site "Caleta"]
[Date "2017.01.30"]
[Round "7"]
[White "Esserman, Marc"]
[Black "Tscharotschkin, Michael"]
[Result "1-0"]
[WhiteElo "2468"]
[BlackElo "2190"]
[PlyCount "73"]
[EventDate "2017.01.24"]
[EventType "swiss"]
[EventRounds "10"]
[EventCountry "GGB"]
[SourceTitle "CBM 177"]
[Source "ChessBase"]
[SourceDate "2017.03.16"]
[SourceVersion "1"]
[SourceVersionDate "2017.03.16"]
[SourceQuality "1"]

1. e4 e6 2. d4 d5 3. Nc3 Bb4 4. e5 c5 5. a3 Bxc3+ 6. bxc3 Ne7 7. h4 Qc7 8. h5 Bd7 9. h6 cxd4 10. Nf3 gxh6 11. cxd4 Nbc6 12. c3 Ng6 13. Bxh6 0-0-0 14. Bg5 Rde8 15. Bf6 Rhg8 16. Rxh7 Kb8 17. Rc1 Bc8 18. Ng5 Nf8 19. Rxf7 Nd7 20. Nf3 Ref8 21. Rxf8 Rxf8 22. Bh4 Nb6 23. Bd3 Qg7 24. g3 Na5 25. Bf6 Qh6 26. Ke2 Nd7 27. Qh1 Qxh1 28. Rxh1 Nxf6 29. exf6 Rxf6 30. Ne5 Nc6 31. Rh7 Nxe5 32. dxe5 Rf8 33. Rg7 a5 34. g4 Ka7 35. g5 Kb6 36. g6 Kc6 37. Rf7 1-0

[Event "Rilton Cup 46th"]
[Site "Stockholm"]
[Date "2017.01.03"]
[Round "7"]
[White "Bluebaum, Matthias"]
[Black "Esserman, Marc"]
[Result "1-0"]
[WhiteElo "2640"]
[BlackElo "2468"]
[PlyCount "57"]
[EventDate "2016.12.27"]
[EventType "swiss"]
[EventRounds "9"]
[EventCountry "SWE"]
[SourceTitle "CBM 176 Extra"]
[Source "ChessBase"]
[SourceDate "2017.03.02"]
[SourceVersion "1"]
[SourceVersionDate "2017.03.02"]
[SourceQuality "1"]

1. d4 d5 2. c4 c6 3. Nf3 Nf6 4. e3 e6 5. Bd3 Nbd7 6. 0-0 Bd6 7. Nc3 dxc4 8. Bxc4 b5 9. Bb3 0-0 10. e4 e5 11. d5 cxd5 12. Bxd5 Nxd5 13. Qxd5 Nb6 14. Qxb5 Be6 15. b3 Qc8 16. Bd2 Rd8 17. Rac1 Qb7 18. Be3 Bd7 19. Qa5 Bc7 20. Nb5 Bb8 21. Rfd1 Re8 22. Bxb6 axb6 23. Rxd7 Rxa5 24. Rxb7 Rxb5 25. Rc6 f5 26. Ng5 fxe4 27. Nxe4 Rd5 28. g3 Ra5 29. a4 1-0

[Event "Reykjavik op"]
[Site "Reykjavik"]
[Date "2016.03.15"]
[Round "9"]
[White "Agdestein, Simen"]
[Black "Esserman, Marc"]
[Result "1/2-1/2"]
[WhiteElo "2610"]
[BlackElo "2458"]
[PlyCount "90"]
[EventDate "2016.03.08"]
[EventType "swiss"]
[EventRounds "10"]
[EventCountry "ISL"]
[SourceTitle "CBM 171 Extra"]
[Source "ChessBase"]
[SourceDate "2016.04.26"]
[SourceVersion "1"]
[SourceVersionDate "2016.04.26"]
[SourceQuality "1"]

1. Nf3 d6 2. g3 g6 3. Bg2 Bg7 4. 0-0 f5 5. d3 Nf6 6. Nc3 e5 7. e4 fxe4 8. dxe4 0-0 9. h3 Nbd7 10. Be3 b6 11. b4 a5 12. Ng5 Nb8 13. b5 Qe8 14. Nd5 Ra7 15. a4 Nbd7 16. h4 h6 17. Nh3 Nxd5 18. Qxd5+ Kh7 19. f3 Nf6 20. Qd3 Be6 21. c4 Nd7 22. Rac1 Ra8 23. Nf2 Rd8 24. Qd1 Qf7 25. Qc2 Nc5 26. f4 Qe7 27. h5 gxh5 28. f5 Bf7 29. Kh2 Bf6 30. Nh3 Rg8 31. Bf3 Rg7 32. Qd1 Rdg8 33. Rg1 h4 34. g4 Bg5 35. Nxg5+ hxg5 36. Rg2 Rd8 37. Rd2 Rgg8 38. Rc3 Nb7 39. Be2 Qf6 40. Kh3 Rge8 41. Bd3 Rc8 42. Qc2 Nc5 43. Be2 Red8 44. Ra3 Rb8 45. Ra1 Rbc8 1/2-1/2

[Event "Reykjavik op"]
[Site "Reykjavik"]
[Date "2016.03.14"]
[Round "8"]
[White "Esserman, Marc"]
[Black "Johannesson, Oliver Aron"]
[Result "1-0"]
[WhiteElo "2458"]
[BlackElo "2177"]
[PlyCount "101"]
[EventDate "2016.03.08"]
[EventType "swiss"]
[EventRounds "10"]
[EventCountry "ISL"]
[SourceTitle "CBM 171 Extra"]
[Source "ChessBase"]
[SourceDate "2016.04.26"]
[SourceVersion "1"]
[SourceVersionDate "2016.04.26"]
[SourceQuality "1"]

1. c4 e5 2. d3 Nf6 3. a3 c5 4. e4 Nc6 5. g3 a6 6. Bg2 d6 7. Ne2 Be6 8. Nbc3 Be7 9. h3 Nd7 10. 0-0 0-0 11. f4 f6 12. Rb1 a5 13. Kh2 Ndb8 14. Nd5 Na6 15. Bd2 Rb8 16. Qa4 Bd7 17. Qc2 Kh8 18. f5 Nc7 19. Rfc1 b5 20. cxb5 Nxb5 21. Qc4 Ncd4 22. Nxd4 Nxd4 23. a4 Re8 24. b3 Bc6 25. Be3 Bxd5 26. Qxd5 Rb4 27. Rc4 Qb8 28. Rxb4 Qxb4 29. Bxd4 exd4 30. Qf7 Qb8 31. e5 dxe5 32. Bc6 Rc8 33. Bd7 Rd8 34. Qxe7 Qc7 35. Rc1 Qxd7 36. Qxd7 Rxd7 37. Rxc5 Kg8 38. Kg2 Kf7 39. Rxa5 Rb7 40. Kf3 Rxb3 41. Ra7+ Kg8 42. Ke4 Ra3 43. Ra8+ Kf7 44. g4 h6 45. a5 Ke7 46. a6 Ra5 47. h4 Kf7 48. a7 Ra1 49. g5 hxg5 50. h5 g4 51. h6 1-0

[Event "Reykjavik op"]
[Site "Reykjavik"]
[Date "2016.03.12"]
[Round "6"]
[White "Esserman, Marc"]
[Black "Marin, Mihail"]
[Result "1/2-1/2"]
[WhiteElo "2458"]
[BlackElo "2597"]
[PlyCount "100"]
[EventDate "2016.03.08"]
[EventType "swiss"]
[EventRounds "10"]
[EventCountry "ISL"]
[SourceTitle "CBM 171 Extra"]
[Source "ChessBase"]
[SourceDate "2016.04.26"]
[SourceVersion "1"]
[SourceVersionDate "2016.04.26"]
[SourceQuality "1"]

1. e4 e6 2. d4 d5 3. Nd2 c5 4. exd5 exd5 5. Ngf3 Nc6 6. Bb5 cxd4 7. Qe2+ Qe7 8. 0-0 Qxe2 9. Bxe2 Bd6 10. Nb3 Nf6 11. Nbxd4 0-0 12. Bg5 Ne4 13. Be3 Bg4 14. Rad1 Rfd8 15. h3 Nxd4 16. Rxd4 Be6 17. Rdd1 f6 18. Nd4 Bf7 19. c3 a6 20. Rfe1 Bf8 21. Bg4 h5 22. Be6 g6 23. Bxf7+ Kxf7 24. Ne2 g5 25. h4 Bc5 26. Bxc5 Nxc5 27. hxg5 fxg5 28. Ng3 h4 29. Nf5 Na4 30. Re2 Rd7 31. Ne3 Rad8 32. Rd4 Nc5 33. Red2 Ne4 34. Rd1 Nf6 35. f4 g4 36. f5 g3 37. Rxh4 Re7 38. Nf1 Re2 39. Nxg3 Rxb2 40. Rb4 Rxb4 41. cxb4 Rc8 42. Ne2 Rc2 43. Nf4 Rxa2 44. Nxd5 Rb2 45. Nxf6 Kxf6 46. Rd6+ Kxf5 47. Rb6 Kg4 48. Kh2 Kh4 49. Rxb7 Kg4 50. Rb6 Kh4 1/2-1/2

[Event "Reykjavik op"]
[Site "Reykjavik"]
[Date "2016.03.10"]
[Round "4"]
[White "Esserman, Marc"]
[Black "Beliavsky, Alexander G"]
[Result "1/2-1/2"]
[WhiteElo "2458"]
[BlackElo "2630"]
[PlyCount "126"]
[EventDate "2016.03.08"]
[EventType "swiss"]
[EventRounds "10"]
[EventCountry "ISL"]
[SourceTitle "CBM 171 Extra"]
[Source "ChessBase"]
[SourceDate "2016.04.26"]
[SourceVersion "1"]
[SourceVersionDate "2016.04.26"]
[SourceQuality "1"]

1. e4 e5 2. Nf3 Nc6 3. Bb5 a6 4. Ba4 Nf6 5. 0-0 Be7 6. Re1 b5 7. Bb3 0-0 8. a4 b4 9. d3 d6 10. a5 Bg4 11. c3 bxc3 12. bxc3 Be6 13. Bxe6 fxe6 14. d4 Rb8 15. Qd3 Rb5 16. c4 Rxa5 17. Rxa5 Nxa5 18. d5 Nb7 19. Ba3 Nd7 20. dxe6 Ndc5 21. Qd5 Qc8 22. Bxc5 Nxc5 23. Qc6 Qxe6 24. Nc3 Bd8 25. Nd5 Qe8 26. Nb4 a5 27. Qd5+ Qe6 28. Nc6 a4 29. Ra1 Qxd5 30. cxd5 Bf6 31. Nd2 Bg5 32. Nc4 Nxe4 33. Rxa4 Nxf2 34. Ra7 Nd1 35. h4 Bxh4 36. Rxc7 Nc3 37. Nxd6 Nxd5 38. Rd7 Nc3 39. Ne7+ Bxe7 40. Rxe7 Rd8 41. Nf5 g6 42. Nh6+ Kf8 43. Rxh7 Rd1+ 44. Kh2 Rd4 45. g3 Ne4 46. Rf7+ Ke8 47. Rg7 Rd6 48. Ng4 Kf8 49. Ra7 Rd5 50. Kg2 Ng5 51. Ra8+ Kg7 52. Ra7+ Nf7 53. Kf3 Rb5 54. Ke4 Rb4+ 55. Kf3 Kf8 56. Nf6 Ng5+ 57. Ke2 Rd4 58. Nh7+ Nxh7 59. Rxh7 Ra4 60. Rb7 Ra3 61. Rb5 Rxg3 62. Rxe5 Kf7 63. Kf2 Kf6 1/2-1/2

[Event "Cappelle op 32nd"]
[Site "Cappelle la Grande"]
[Date "2016.02.15"]
[Round "4"]
[White "Esserman, Marc"]
[Black "Tsatsalashvili, Ketevan"]
[Result "1/2-1/2"]
[WhiteElo "2410"]
[BlackElo "2243"]
[PlyCount "104"]
[EventDate "2016.02.13"]
[EventType "swiss"]
[EventRounds "9"]
[EventCountry "FRA"]
[SourceTitle "EXT 2017"]
[Source "ChessBase"]
[SourceDate "2016.10.25"]
[SourceVersion "1"]
[SourceVersionDate "2016.10.25"]
[SourceQuality "1"]

1. e4 c5 2. Nf3 d6 3. d4 cxd4 4. Nxd4 Nf6 5. Nc3 Nc6 6. Bc4 e6 7. Be3 a6 8. Qe2 Qc7 9. Bb3 Be7 10. 0-0-0 Na5 11. g4 b5 12. g5 Nxb3+ 13. axb3 Nd7 14. h4 b4 15. Na4 Nc5 16. h5 Bb7 17. f3 Qa5 18. g6 Nxa4 19. bxa4 Qxa4 20. Qc4 hxg6 21. Qc7 Qd7 22. Qxd7+ Kxd7 23. hxg6 Rxh1 24. Rxh1 fxg6 25. Rg1 Bf6 26. Rxg6 Ke7 27. Nb3 a5 28. Bd4 Kf7 29. Rg3 a4 30. Bxf6 Kxf6 31. Nd4 a3 32. Kb1 d5 33. Nb5 dxe4 34. Nd6 Bc6 35. fxe4 a2+ 36. Ka1 g5 37. b3 Rg8 38. Rg4 e5 39. Kxa2 Bd7 40. Rg1 g4 41. Rf1+ Ke7 42. Nc4 Bb5 43. Rh1 Bxc4 44. bxc4 Kd6 45. Kb3 Kc5 46. c3 bxc3 47. Kxc3 g3 48. Rg1 Ra8 49. Kb3 Rb8+ 50. Kc3 Ra8 51. Kb3 Rb8+ 52. Kc3 Ra8 1/2-1/2

[Event "Gibraltar Masters 14th"]
[Site "Caleta"]
[Date "2016.02.02"]
[Round "8"]
[White "Esserman, Marc"]
[Black "Anand, Viswanathan"]
[Result "1/2-1/2"]
[WhiteElo "2419"]
[BlackElo "2784"]
[PlyCount "45"]
[EventDate "2016.01.26"]
[EventType "swiss"]
[EventRounds "10"]
[EventCountry "GGB"]
[SourceTitle "CBM 171"]
[Source "ChessBase"]
[SourceDate "2016.03.14"]
[SourceVersion "2"]
[SourceVersionDate "2016.03.14"]
[SourceQuality "1"]

1. e4 c5 2. d4 cxd4 3. c3 Nf6 4. e5 Nd5 5. Nf3 e6 6. cxd4 d6 7. Bc4 Nc6 8. 0-0 Be7 9. Qe2 0-0 10. Nc3 dxe5 11. dxe5 Nxc3 12. bxc3 Qc7 13. Qe4 Rd8 14. Re1 g6 15. Bg5 Bxg5 16. Nxg5 h6 17. Nf3 Qe7 18. h4 Na5 19. Bd3 Bd7 20. Nd4 Nc6 21. Nf3 Na5 22. Nd4 Nc6 23. Nf3 1/2-1/2

[Event "Gibraltar Masters 14th"]
[Site "Caleta"]
[Date "2016.01.26"]
[Round "1"]
[White "Harding, Timothy David"]
[Black "Esserman, Marc"]
[Result "0-1"]
[WhiteElo "2006"]
[BlackElo "2419"]
[PlyCount "50"]
[EventDate "2016.01.26"]
[EventType "swiss"]
[EventRounds "10"]
[EventCountry "GGB"]
[SourceTitle "CBM 171"]
[Source "ChessBase"]
[SourceDate "2016.03.14"]
[SourceVersion "2"]
[SourceVersionDate "2016.03.14"]
[SourceQuality "1"]

1. d4 Nf6 2. c4 g6 3. f3 Bg7 4. e4 d6 5. Be3 0-0 6. Ne2 e5 7. Qd2 c6 8. Na3 exd4 9. Bxd4 Re8 10. 0-0-0 Nbd7 11. Kb1 a6 12. Bc3 d5 13. cxd5 cxd5 14. exd5 Nb6 15. Ng3 Nbxd5 16. Bxf6 Qxf6 17. Ne4 Bf5 18. Bd3 Qe7 19. g4 Be6 20. Nc2 Rad8 21. Rhe1 Qc7 22. Ne3 Nf4 23. Qc2 Bxa2+ 24. Kxa2 Qa5+ 25. Kb1 Nxd3 0-1

[Event "Marianske Lazne GM 15th"]
[Site "Marianske Lazne"]
[Date "2016.01.19"]
[Round "4"]
[White "Esserman, Marc"]
[Black "Szwed, Jacek"]
[Result "1/2-1/2"]
[WhiteElo "2419"]
[BlackElo "2369"]
[PlyCount "93"]
[EventDate "2016.01.16"]
[EventType "tourn"]
[EventRounds "9"]
[EventCountry "CZE"]
[EventCategory "8"]
[SourceTitle "CBM 170 Extra"]
[Source "ChessBase"]
[SourceDate "2016.02.25"]
[SourceVersion "1"]
[SourceVersionDate "2016.02.25"]
[SourceQuality "1"]

1. d4 d5 2. Nf3 Nf6 3. Bf4 g6 4. e3 Bg7 5. Bd3 0-0 6. h3 b6 7. Qe2 Bb7 8. Nbd2 Nbd7 9. Ne5 Nxe5 10. Bxe5 Ne4 11. Bxg7 Kxg7 12. Nf3 c5 13. c3 Qc7 14. 0-0 Rad8 15. Rac1 Nd6 16. Rfd1 Rfe8 17. b3 Rc8 18. c4 dxc4 19. bxc4 e6 20. Qb2 f6 21. Be2 Ne4 22. d5 Rcd8 23. dxe6 Rxe6 24. Rxd8 Qxd8 25. Qa3 a6 26. Rd1 Rd6 27. Rxd6 Qxd6 28. Qb2 Kf7 29. Qc2 Ke7 30. Bd3 Qc6 31. Bxe4 Qxe4 32. Qb3 Qc6 33. Ne1 Qe6 34. Nd3 Qd6 35. f3 Kd7 36. Kf2 Kc7 37. Qc3 Bc8 38. Nf4 Bb7 39. h4 Bc6 40. g4 Qe5 41. Qxe5+ fxe5 42. Ne6+ Kd6 43. Nf8 Be8 44. Nxh7 Bf7 45. Ng5 Bxc4 46. a3 Ke7 47. Ne4 1/2-1/2

[Event "Marianske Lazne GM 15th"]
[Site "Marianske Lazne"]
[Date "2016.01.19"]
[Round "5"]
[White "Ly, Moulthun"]
[Black "Esserman, Marc"]
[Result "1/2-1/2"]
[WhiteElo "2474"]
[BlackElo "2419"]
[PlyCount "113"]
[EventDate "2016.01.16"]
[EventType "tourn"]
[EventRounds "9"]
[EventCountry "CZE"]
[EventCategory "8"]
[SourceTitle "CBM 170 Extra"]
[Source "ChessBase"]
[SourceDate "2016.02.25"]
[SourceVersion "1"]
[SourceVersionDate "2016.02.25"]
[SourceQuality "1"]

1. e4 c5 2. Nf3 d6 3. Bb5+ Nd7 4. 0-0 a6 5. Bd3 Ngf6 6. c3 b5 7. Bc2 e5 8. d4 Be7 9. Re1 0-0 10. Nbd2 Qc7 11. Nf1 Re8 12. Ng3 Bf8 13. h3 g6 14. b3 Bg7 15. d5 c4 16. b4 a5 17. a4 axb4 18. cxb4 bxa4 19. Rxa4 Bb7 20. Be3 Nb6 21. Ra5 Rxa5 22. bxa5 Nbd7 23. Qa1 Ba6 24. Qc3 Rb8 25. Rb1 Rxb1+ 26. Bxb1 Nc5 27. Bc2 Nfd7 28. Bd2 Bf6 29. Nh2 h5 30. Ngf1 Qb8 31. Qa3 Nb3 32. Bb4 Ndc5 33. Nd2 Qb5 34. Nhf1 Nd4 35. Bd1 Bg5 36. Ne3 Bxe3 37. fxe3 Ndb3 38. Bxb3 Nxb3 39. Nf3 f6 40. Kh2 Nc5 41. Nd2 Kf7 42. Kg1 Ke8 43. Kh2 Kd7 44. Kg1 Nd3 45. Bxd6 c3 46. Nb3 c2 47. Bf8 Qxb3 48. Qd6+ Kc8 49. Qxa6+ Qb7 50. Qc4+ Qc7 51. Qa6+ Kb8 52. Bd6 c1Q+ 53. Kh2 Qxe3 54. Qb5+ Ka7 55. Bxc7 Qf4+ 56. Kg1 Qc1+ 57. Kh2 1/2-1/2